000 00635nam a22001577a 4500
999 _c4005
_d4005
020 _a0208015256 9780208015259 085157212X 9780851572123
050 _aZ688.N6C45CHI
100 _a Bernard Chibnall
245 _aThe organisation of media
_c Bernard Chibnall
260 _aLondon : C. Bingley ; Hamden, Conn. : ,
_bLinnet Books
_c1976.
300 _a80 pages ;
_c22 cm
500 _aInclude index
505 _a1. Education and communication 2. Function in theory 3. Function in practice 4. Organization 5. Staff 6. Facilities 7. Storage and access 8. Conclusion References Index
650 _aMedia organization
942 _cBK